Statistics for Countries new flag vs old flag

Click here to take the quiz!

General Stats

  • This quiz has been taken 178 times
    (176 since last reset)
  • The average score is 34 of 44

Answer Stats

Answer% Correct
Germany
99%
Italy
95%
Russia
95%
USSR/Soviet Union
95%
German Empire
94%
United States
89%
France
87%
China
86%
Canada
85%
Japan
85%
British Canada
84%
Japanese Empire
83%
Spain
83%
United States
82%
Portugal
81%
South Africa
81%
Nepal
80%
Greece
79%
Spain
79%
Thailand
79%
Turkey
79%
France
78%
Hungary
78%
Nepal
78%
Austria
77%
Greece
77%
South Africa
77%
Portuguese Empire
76%
Hungary
75%
Venezuela
75%
Venezuela
75%
Austria-Hungary
74%
Cuba
73%
Cuba
73%
Serbia
73%
Montenegro
72%
Ethiopia
71%
Ottoman Empire
71%
Serbia
71%
Ethiopia
70%
Montenegro
66%
Italian Empire
56%
Siam
54%
Qing Dynasty
51%

Score Distribution

Percentile by Number Answered

Percent of People with Each Score

Your Score History

You have not taken this quiz since the last reset